000 00886nam a2200265Ia 4500
003 OSt
005 20220930091535.0
006 a|||||r|||| 00| 0
007 ta
008 220926b |||||||| |||| 00| 0 eng d
024 _a6456
037 _cTheses
040 _aCRL
_cCRL
_beng
041 _2eng
_aeng
100 _aNupur Au.
_9545959
110 _aUniversity of Delhi. Faculty of Medical Sciences. Department of Pharmacy
245 0 _aPreparation characterization and evaluation of proliposomes containing phyllanthin isolated from plant phyllanthus amarus schum. & thom
260 _c2011
300 _a91
_ap.
_ccm.
650 _aPHARMACY
_9222451
700 _a Prof. B. P. Srinivasan Gu.
700 _aUniversity of Delhi. Faculty of Medical Sciences. Department of Pharmacy
942 _cDIS
_2CC
999 _c882226
_d882226